Comtemporary business report writing. / (Record no. 1161)
[ view plain ]
| 000 -LEADER | |
|---|---|
| fixed length control field | 01066nam a22001817a 4500 |
| 008 - FIXED-LENGTH DATA ELEMENTS--GENERAL INFORMATION | |
| fixed length control field | 120607t xxu||||| |||| 00| 0 eng d |
| 020 ## - INTERNATIONAL STANDARD BOOK NUMBER | |
| International Standard Book Number | 9781439037164 |
| 050 ## - LIBRARY OF CONGRESS CALL NUMBER | |
| Classification number | HF5719.K842 |
| 100 ## - MAIN ENTRY--PERSONAL NAME | |
| Personal name | Kuiper, Shirley. |
| 245 ## - TITLE STATEMENT | |
| Title | Comtemporary business report writing. / |
| Statement of responsibility, etc. | Shirley Kuiper, |
| 250 ## - EDITION STATEMENT | |
| Edition statement | 4th |
| 260 ## - PUBLICATION, DISTRIBUTION, ETC. | |
| Place of publication, distribution, etc. | Canada: |
| Name of publisher, distributor, etc. | South- western cengage learning, |
| Date of publication, distribution, etc. | 2009. |
| 300 ## - PHYSICAL DESCRIPTION | |
| Extent | xx, 532p.: |
| Other physical details | ills.: |
| Dimensions | 26cm |
| 500 ## - GENERAL NOTE | |
| General note | includes index |
| 505 ## - FORMATTED CONTENTS NOTE | |
| Formatted contents note | Contents: Report characteristics -- Planning the report -- Producing the report -- Writing style and lapses -- Illustrating the report -- Formatting the report -- Writing routine reports -- Wrting nonrountine report -- Planning and delivering an oral report -- Planning the research -- Selecting data souces -- Using secondary data sources -- Using primary data sources -- Documenting data soruces -- Analyzing data for complex reports -- Writing business research reports -- Writing policies, procedures and instructions -- Writing the business plan. |
| 650 ## - SUBJECT ADDED ENTRY--TOPICAL TERM | |
| Topical term or geographic name entry element | Business report writing. |
| 942 ## - ADDED ENTRY ELEMENTS (KOHA) | |
| Source of classification or shelving scheme | Library of Congress Classification |
| Koha item type | Books |
| Withdrawn status | Lost status | Source of classification or shelving scheme | Damaged status | Not for loan | Home library | Current library | Shelving location | Date acquired | Total Checkouts | Full call number | Barcode | Date last seen | Copy number | Price effective from | Koha item type |
|---|---|---|---|---|---|---|---|---|---|---|---|---|---|---|---|
| Library of Congress Classification | WISCONSIN INTERNATIONAL UNIVERSITY COLLEGE, GHANA - MAIN LIBRARY | WISCONSIN INTERNATIONAL UNIVERSITY COLLEGE, GHANA - MAIN LIBRARY | General Stacks | 07/06/2012 | HF5719.K842 | 3186/12 | 07/06/2012 | 1 | 07/06/2012 | Books | |||||
| Library of Congress Classification | WISCONSIN INTERNATIONAL UNIVERSITY COLLEGE, GHANA - MAIN LIBRARY | WISCONSIN INTERNATIONAL UNIVERSITY COLLEGE, GHANA - MAIN LIBRARY | General Stacks | 07/06/2012 | HF5719.K8421 | 3187/12 | 07/06/2012 | 2 | 07/06/2012 | Books | |||||
| Library of Congress Classification | WISCONSIN INTERNATIONAL UNIVERSITY COLLEGE, GHANA - MAIN LIBRARY | WISCONSIN INTERNATIONAL UNIVERSITY COLLEGE, GHANA - MAIN LIBRARY | General Stacks | 07/06/2012 | HF5719.K8422 | 3188/12 | 07/06/2012 | 3 | 07/06/2012 | Books | |||||
| Library of Congress Classification | WISCONSIN INTERNATIONAL UNIVERSITY COLLEGE, GHANA - MAIN LIBRARY | WISCONSIN INTERNATIONAL UNIVERSITY COLLEGE, GHANA - MAIN LIBRARY | General Stacks | 07/06/2012 | HF5719.K8423 | 3189/12 | 07/06/2012 | 4 | 07/06/2012 | Books |
